Statistics for U.S. State Capitals Closest to a State Border

Click here to take the quiz!

General Stats

  • This quiz has been taken 57 times
  • The average score is 6 of 10

Answer Stats

MiState CapitalKm% Correct
4Providence6
83%
12Dover20
79%
0Trenton0
74%
17Tallahassee27.4
67%
17.1Hartford27.5
64%
10Cheyenne16
62%
13Carson City21
60%
22Albany36
57%
0Juneau0
45%
16St. Paul26
40%

Score Distribution

Percentile by Number Answered

Percent of People with Each Score

Your Score History

You have not taken this quiz